Science Quiz

Random Science or Animal Quiz
Score 0/21 Timer 05:00
3 Plays Today
% Correct
frog
98.4%
crab
97.9%
goat
97.6%
deer
97.5%
swan
96.4%
wolf
96.3%
toad
94.4%
hare
94.1%
boar
91.5%
mole
90.4%
lynx
84.4%
% Correct
newt
79.4%
vole
73.1%
pike
58.4%
ibex
56.4%
rhea
38.2%
oryx
27.2%
erne
22.3%
zebu
21.7%
kudu
21.3%
anoa
4.1%

You're not logged in!

Compare scores with friends on all Sporcle quizzes.
OR
Log In

Sporcle TV

Today on Sporcle TV


Watch our educational content, quiz creation guides, and fun videos on Sporcle TV.

Show Comments

Extras

Top Quizzes Today


Score Distribution

Paid Content

Your Account Isn't Verified!

In order to create a playlist on Sporcle, you need to verify the email address you used during registration. Go to your Sporcle Settings to finish the process.

Report this User

Report this user for behavior that violates our Community Guidelines.

Details: